[Event "Brasov GP RO"]
[Site "Brasov"]
[Date "2023.07.20"]
[Round "7"]
[White "Bulau, Andrei Cristian"]
[Black "Costin, Alexandru"]
[Result "1/2-1/2"]
[WhiteElo "2187"]
[BlackElo "1962"]
[PlyCount "68"]
[EventDate "2023.07.16"]
[EventType "swiss"]
[EventRounds "9"]
[EventCountry "ROU"]
[SourceTitle "CBM 215 Extra"]
[Source "ChessBase"]
[SourceDate "2023.09.30"]
[SourceVersion "1"]
[SourceVersionDate "2023.09.30"]
[SourceQuality "1"]

1. e4 c6 2. Nf3 d5 3. d3 dxe4 4. dxe4 Qxd1+ 5. Kxd1 Bg4 6. Be2 Nd7 7. Be3 e5 8. Nbd2 Ngf6 9. h3 Bxf3 10. Bxf3 Bc5 11. Ke2 Bxe3 12. Kxe3 Nb6 13. a4 Ke7 14. Be2 Rhd8 15. Nf3 Nfd7 16. a5 Nc8 17. Rhd1 Nd6 18. b4 f6 19. Nd2 Nf8 20. Nb3 Ne6 21. Rd2 Rac8 22. Nc5 Nf4 23. g3 Nxe2 24. Kxe2 Nc4 25. Rd3 Rxd3 26. Kxd3 Nd6 27. c3 Rc7 28. f3 Nf7 29. h4 Nd8 30. Kc4 Ne6 31. Nxe6 Kxe6 32. a6 b6 33. Rd1 Rd7 34. Rxd7 Kxd7 1/2-1/2

[Event "Brasov GP RO"]
[Site "Brasov"]
[Date "2023.07.17"]
[Round "2"]
[White "Costin, Alexandru"]
[Black "David, Alexandru Vasile"]
[Result "1-0"]
[WhiteElo "1962"]
[BlackElo "2392"]
[PlyCount "72"]
[EventDate "2023.07.16"]
[EventType "swiss"]
[EventRounds "9"]
[EventCountry "ROU"]
[SourceTitle "CBM 215 Extra"]
[Source "ChessBase"]
[SourceDate "2023.09.30"]
[SourceVersion "1"]
[SourceVersionDate "2023.09.30"]
[SourceQuality "1"]

1. e4 c5 2. d4 cxd4 3. c3 Nf6 4. e5 Nd5 5. Nf3 e6 6. cxd4 d6 7. Nc3 Nxc3 8. bxc3 Qc7 9. Qb3 Nd7 10. exd6 Bxd6 11. Bd3 b6 12. Ng5 Nf6 13. Ne4 Nxe4 14. Bxe4 Rb8 15. c4 0-0 16. Bd2 e5 17. dxe5 Bxe5 18. Rc1 Re8 19. Be3 Bf4 20. Qd3 Qe5 21. Bc6 Bf5 22. Qc3 Bxe3 23. fxe3 Qxe3+ 24. Qxe3 Rxe3+ 25. Kf2 Ra3 26. Ra1 Be6 27. Bd5 Rd8 28. Rhd1 Kf8 29. h3 Bxd5 30. cxd5 Ra5 31. d6 Rf5+ 32. Kg3 Rf6 33. d7 Ke7 34. Re1+ Re6 35. Rxe6+ fxe6 36. Kf4 Rxd7 1-0

[Event "ROM-ch U14"]
[Site "Calimanesti"]
[Date "2018.03.29"]
[Round "4"]
[White "Stroe, Flavius Gabriel"]
[Black "Costin, Alexandru"]
[Result "1/2-1/2"]
[WhiteElo "1857"]
[BlackElo "1944"]
[PlyCount "72"]
[EventDate "2018.03.27"]
[EventType "swiss"]
[EventRounds "9"]
[EventCountry "ROU"]
[SourceTitle "CBM 183 Extra"]
[Source "ChessBase"]
[SourceDate "2018.04.19"]
[SourceVersion "1"]
[SourceVersionDate "2018.04.19"]
[SourceQuality "1"]

1. d4 d5 2. c4 e6 3. Nc3 c6 4. Bf4 Nf6 5. e3 Bd6 6. Bxd6 Qxd6 7. Nf3 0-0 8. Bd3 Nbd7 9. 0-0 e5 10. dxe5 Nxe5 11. Nxe5 Qxe5 12. cxd5 Nxd5 13. Nxd5 Qxd5 14. Qc2 h6 15. Rfd1 Qg5 16. Be4 Bg4 17. Rd2 f5 18. Bd3 Bf3 19. g3 Rad8 20. Bf1 Rxd2 21. Qxd2 Rd8 22. Qc3 Qe7 23. Bg2 Bxg2 24. Kxg2 Qe4+ 25. Kg1 Rd3 26. Qe1 Qd5 27. b3 Rd2 28. Qf1 Qf3 29. Qg2 Qe2 30. Qf1 Qf3 31. Qg2 Qxg2+ 32. Kxg2 Kf7 33. a3 Ke6 34. h4 h5 35. Kf3 Ke5 36. Rc1 Rd3 1/2-1/2

[Event "EU-ch U12 27th"]
[Site "Mamaia"]
[Date "2017.09.14"]
[Round "9"]
[White "Davtyan, Arsen"]
[Black "Costin, Alexandru"]
[Result "1/2-1/2"]
[WhiteElo "1969"]
[BlackElo "1812"]
[PlyCount "66"]
[EventDate "2017.09.05"]
[EventType "swiss"]
[EventRounds "9"]
[EventCountry "ROU"]
[SourceTitle "EXT 2018"]
[Source "ChessBase"]
[SourceDate "2017.10.13"]
[SourceVersion "1"]
[SourceVersionDate "2017.10.13"]
[SourceQuality "1"]

1. d4 d5 2. c4 e6 3. Nf3 c6 4. Nbd2 f5 5. g3 Nf6 6. Bg2 Bd6 7. 0-0 0-0 8. Qc2 Nbd7 9. Ne1 Ne4 10. Ndf3 Qf6 11. Bf4 g5 12. Bxd6 Nxd6 13. cxd5 exd5 14. Nd3 Nf7 15. e3 Kg7 16. Rab1 b6 17. Nd2 Bb7 18. f4 g4 19. Ne5 Qe6 20. Rf2 h5 21. h4 Rac8 22. Re1 Nd6 23. Ref1 Nf6 24. Qb1 Rc7 25. Rc1 Rfc8 26. Rff1 Kh6 27. Rc2 Kg7 28. Rfc1 Nd7 29. b3 Nf6 30. Rc3 Nb5 31. Rd3 Nd6 32. Rdc3 Nb5 33. Rd3 Nd6 1/2-1/2

[Event "ROM-ch U12"]
[Site "Baile Felix"]
[Date "2017.02.03"]
[Round "2"]
[White "Costin, Alexandru"]
[Black "Mihalcescu, Alexandru"]
[Result "0-1"]
[WhiteElo "1727"]
[BlackElo "1498"]
[PlyCount "94"]
[EventDate "2017.02.02"]
[EventType "swiss"]
[EventRounds "9"]
[EventCountry "ROU"]
[SourceTitle "CBM 176 Extra"]
[Source "ChessBase"]
[SourceDate "2017.03.02"]
[SourceVersion "1"]
[SourceVersionDate "2017.03.02"]
[SourceQuality "1"]

1. Nf3 Nf6 2. c4 b6 3. g3 Bb7 4. Bg2 e6 5. 0-0 Be7 6. d3 0-0 7. Nc3 c5 8. Qc2 Nc6 9. e4 Nb4 10. Qe2 d5 11. e5 Ne8 12. a3 Na6 13. Ne1 Nec7 14. f4 g6 15. g4 f6 16. f5 fxe5 17. fxe6 Qd6 18. Nc2 Rxf1+ 19. Qxf1 Rf8 20. Qe2 Rb8 21. Bd2 Qxe6 22. Re1 Bf6 23. Rf1 Bg7 24. cxd5 Nxd5 25. Ne4 Nf6 26. Nxf6+ Bxf6 27. Bxb7 Rxb7 28. Qf3 Rf7 29. Bh6 Bd8 30. Qxf7+ Qxf7 31. Rxf7 Kxf7 32. Bd2 Ke6 33. Kg2 Bf6 34. Kf3 Nc7 35. g5 Bg7 36. Ke4 Ne8 37. h3 Nd6+ 38. Kf3 e4+ 39. dxe4 Bxb2 40. a4 Nc4 41. Bf4 Be5 42. Bc1 a6 43. Na3 Nxa3 44. Bxa3 Bd4 45. Kf4 b5 46. axb5 axb5 47. Bc1 b4 0-1